Word Ladder: Fabrics Quiz Stats

 Plays Quiz Updated Mar 15, 2015

Also try: Word Ladder: Cloth
Challenge
Share
Tweet
Embed
Score 0/32 Timer 03:00
1 Play Today
Clue 4-Letter Word % Correct
Dairy productMILK
96.5%
Home to the DevilHELL
96.1%
• A fabric made by worms • SILK
96%
Singer JaggerMICK
95.1%
Green citrus fruitLIME
95%
Giant, green Marvel heroHULK
95%
The 6th monthJUNE
94.5%
A queue of people waitingLINE
93.7%
The body of a shipHULL
93.4%
AdorableCUTE
93.3%
Be moodySULK
93.2%
Go without foodFAST
92.7%
Sail supporterMAST
91.9%
• Fabric from a sheep •WOOL
91.1%
Actress BlanchettCATE
90.6%
Prep potatoes for ThanksgivingMASH
90.2%
Clue 4-Letter Word % Correct
___ the KnifeMACK
88%
A small moon-like shapeLUNE
87.4%
• A fabric of woven plant fibers •JUTE
86.9%
Take down a treeFELL
86.9%
Criminal repellent sprayMACE
86.6%
Material from a treeWOOD
86.6%
A component of a sentenceWORD
85.9%
• A net fabric •MESH
85.8%
• An open fancy fabric • LACE
84.8%
A suffix for partiesFEST
81.9%
• A fabric made of matted fibers • FELT
81.9%
Had on some fabricWORE
81.8%
• A fabric with gold fibers •LAMÉ
80.8%
Concern or painstaking attentionCARE
80.5%
• Synthetic fabric ___-Tex •GORE
62%
A train station, in FrenchGARE
59.9%

Today's Daily Dose

You're not logged in!

Compare scores with friends on all Sporcle quizzes.
OR
Log In

You Might Also Like...

Show Comments

Extras

Top Quizzes Today


Score Distribution

Your Account Isn't Verified!

In order to create a playlist on Sporcle, you need to verify the email address you used during registration. Go to your Sporcle Settings to finish the process.

Report this User

Report this user for behavior that violates our Community Guidelines.

Details: